000 00459nam a2200193Ia 4500
005 20250423101237.0
008 250422s9999 xx 000 0 und d
020 _a9780340941560
050 _aKL 11 .M2/
100 _aMartin, Jacqueline
245 4 _aThe English legal system
250 _a5th ed.
260 _aLondon
260 _bHodder and Stoughton
260 _c2011
300 _a348 p
650 _aLaw--England. Law--Wales.
942 _cBK
999 _c35727
_d35727